000 00350 a2200169 4500
001 184615
020 _a
040 _cMagnum
100 _aJúnior, Wilson Frungilo
240 1 0 _aDo outro lado
_lpor
245 1 0 _aDo outro lado
300 _a160
362 0 _a1985
440 1 _aCírculo do Livro
697 _aLITERATURA GERAL
942 _cBK
999 _c184615
_d184615